|
|
|
|
| LEADER |
00000nas a2200000 a 4500 |
| 001 |
ssj0000884176 |
| 003 |
WaSeSS |
| 005 |
20200512172242.0 |
| 006 |
m d |
| 007 |
cr n |
| 008 |
120926c20139999paufr p s 0 a0eng |
| 010 |
|
|
|a 2012203442
|
| 022 |
|
|
|a 2324-7878
|
| 035 |
|
|
|a (WaSeSS)ssj0000884176
|
| 037 |
|
|
|b University Library System, University of Pittsburgh, Pittsburgh, PA
|c free
|
| 040 |
|
|
|a DLC
|b eng
|c DLC
|d OCLCQ
|d UPM
|d DLC
|d OCLCF
|d OCLCO
|d OCLCQ
|d CUS
|d OCLCQ
|d OCLCA
|d NTG
|d WaSeSS
|
| 042 |
|
|
|a pcc
|a nsdp
|
| 043 |
|
|
|a n-us-pa
|
| 050 |
1 |
4 |
|a Z732.P4
|
| 082 |
0 |
0 |
|a 020
|2 23
|
| 222 |
|
0 |
|a Pennsylvania libraries
|b (Online)
|
| 245 |
0 |
0 |
|a Pennsylvania libraries
|h [electronic resource] :
|b research and practice.
|
| 246 |
1 |
|
|a PaLRaP
|
| 260 |
|
|
|a Pittsburgh, PA :
|b University Library System, University of Pittsburgh
|
| 310 |
|
|
|a Twice yearly
|
| 362 |
1 |
|
|a Began with vol. 1, no. 1 (spring 2013).
|
| 506 |
|
|
|a License restrictions may limit access.
|
| 588 |
|
|
|a Description based on: Vol. 1, no. 1 (spring 2013).; title from table of contents page viewed May 28, 2013 at publisher's Web site.
|
| 588 |
|
|
|a Latest issue consulted: Vol. 1, no. 1 (spring 2013).
|
| 650 |
|
0 |
|a Libraries
|z Pennsylvania
|v Periodicals.
|
| 650 |
|
7 |
|a Libraries.
|2 fast
|0 (OCoLC)fst00997341
|
| 651 |
|
7 |
|a Pennsylvania.
|2 fast
|0 (OCoLC)fst01204598
|
| 655 |
|
0 |
|a Electronic journals.
|
| 856 |
4 |
0 |
|z Full text available from Research Library: 04/01/2013 to present
|u https://search.proquest.com/publication/2029658
|